| 000 | 00828nam a2200253 i 4500 | ||
|---|---|---|---|
| 001 | 180996 | ||
| 003 | ES-MaACL | ||
| 005 | 20250814054354.0 | ||
| 008 | 120928s2011 sp |||| | spa d | ||
| 020 | _a978-84-938107-2-6 | ||
| 080 | _a061.236.6 | ||
| 100 | 1 |
_aWillekens, Thérèse. _9151473 |
|
| 245 | 1 | 3 |
_aLa plomada / _cThérèse Willekens ; traducción de Paloma Martínez Lasierra. |
| 260 |
_a[Madrid] : _bFundación María Deraismes, _c[2011] |
||
| 300 |
_a120 p. ; _c21 cm. |
||
| 500 | _aAnexos. | ||
| 610 | 2 | 4 |
_aMasonería _95658 |
| 700 | 1 |
_aMartínez Lasierra, Paloma. _9151474 |
|
| 710 | 2 |
_aFundación María Deraismes. _9137819 |
|
| 852 |
_aES-MaACL _9187877 _bR.148312 _jA-12219 _cDEPO1 _dOlim: N-5224 |
||
| 942 |
_2udc _cMONOGRAFIA |
||
| 999 |
_c180996 _d180996 |
||